[Event "Mittelrhein Verbandsliga-W 1112"]
[Site "Germany"]
[Date "2012.05.20"]
[Round "11.5"]
[White "Schwenzer, Michael"]
[Black "Rossberg, Robert"]
[Result "0-1"]
[WhiteElo "1773"]
[BlackElo "1903"]
[PlyCount "79"]
[EventDate "2011.09.18"]
[EventType "team-tourn"]
[EventRounds "11"]
[EventCountry "GER"]
[SourceTitle "EXT 2013"]
[Source "ChessBase"]
[SourceDate "2012.11.22"]
[SourceVersion "1"]
[SourceVersionDate "2012.11.22"]
[SourceQuality "1"]
[WhiteTeam "Aachen PTSV"]
[BlackTeam "Brauweiler Rochade"]
[WhiteTeamCountry "GER"]
[BlackTeamCountry "GER"]

1. e4 d6 2. d4 Nf6 3. Bd3 g6 4. Bg5 Bg7 5. Ne2 Nc6 6. c3 Bd7 7. Na3 e5 8. d5 Ne7 9. Qd2 h6 10. Be3 Ng4 11. Bb5 Bxb5 12. Nxb5 a6 13. Na3 f5 14. f3 Nxe3 15. Qxe3 f4 16. Qd3 g5 17. c4 Qd7 18. Qb3 b6 19. h3 h5 20. Qc3 Ng6 21. 0-0-0 Rb8 22. Nc2 a5 23. Kb1 Kf7 24. g3 Bf6 25. Qd2 a4 26. h4 gxh4 27. gxf4 Nxf4 28. Nxf4 Bg5 29. Qh2 Bxf4 30. Qxh4 Qe7 31. Qh3 Rbg8 32. Qf5+ Qf6 33. Rxh5 Qxf5 34. Rxf5+ Ke7 35. Nb4 Rh2 36. Nd3 Rgg2 37. b3 a3 38. b4 Be3 39. Nc1 Rb2+ 40. Ka1 0-1

[Event "Mittelrhein Verbandsliga-W 1112"]
[Site "Germany"]
[Date "2011.12.11"]
[Round "4.7"]
[White "Henning, Karl Heinz"]
[Black "Schwenzer, Michael"]
[Result "1/2-1/2"]
[WhiteElo "1751"]
[BlackElo "1773"]
[PlyCount "45"]
[EventDate "2011.09.18"]
[EventType "team-tourn"]
[EventRounds "11"]
[EventCountry "GER"]
[SourceTitle "EXT 2013"]
[Source "ChessBase"]
[SourceDate "2012.11.22"]
[SourceVersion "1"]
[SourceVersionDate "2012.11.22"]
[SourceQuality "1"]
[WhiteTeam "Brand SF"]
[BlackTeam "Aachen PTSV"]
[WhiteTeamCountry "GER"]
[BlackTeamCountry "GER"]

1. c4 Nf6 2. Nc3 c5 3. g3 g6 4. Bg2 Bg7 5. Nf3 Nc6 6. 0-0 0-0 7. d3 e6 8. Bf4 d6 9. Qd2 Nd4 10. Nxd4 cxd4 11. Ne4 Nxe4 12. Bxe4 f6 13. Bh6 Rb8 14. Bxg7 Kxg7 15. Rac1 h5 16. c5 d5 17. Bg2 e5 18. Rc2 Bd7 19. Bxd5 Bh3 20. Bg2 Bxg2 21. Kxg2 Qd5+ 22. f3 Qxa2 23. b4 1/2-1/2